Hình học họa hình Sách dùng trong các trường ĐH Kỹ thuật soạn theo chương trình đã được bộ ĐH & TH chuyên nghiệp duyệt

সংরক্ষণ করুন:
গ্রন্থ-পঞ্জীর বিবরন
প্রধান লেখক: Nguyễn Đình Điện (Chủ biên)
অন্যান্য লেখক: Dương Tiến Thọ (tác giả), Đỗ Mạnh Môn (tác giả)
বিন্যাস: গ্রন্থ
প্রকাশিত: H. Đại học và trung học chuyên nghiệp 1986
সংস্করন:Tái bản lần thứ 2
বিষয়গুলি:
ট্যাগগুলো: ট্যাগ যুক্ত করুন
কোনো ট্যাগ নেই, প্রথমজন হিসাবে ট্যাগ করুন!
Thư viện lưu trữ: Trung tâm Học liệu Lê Vũ Hùng, Trường Đại học Đồng Tháp
LEADER 01117pam a22002538a 4500
001 00022879
005 20171026081025.0
008 110606s1986 ||||||Viesd
041 0 # |a Vie 
082 1 4 |a 516.007 1  |b H312H 
100 0 # |a Nguyễn Đình Điện  |e Chủ biên 
245 0 0 |c Nguyễn Đình Điện, Đỗ Mạnh Môn, Dương Tiến Thọ  |a Hình học họa hình  |b Sách dùng trong các trường ĐH Kỹ thuật soạn theo chương trình đã được bộ ĐH & TH chuyên nghiệp duyệt 
250 # # |a Tái bản lần thứ 2 
260 # # |a H.  |b Đại học và trung học chuyên nghiệp  |c 1986 
300 # # |a 146 tr.  |b Hình vẽ  |c 27 cm. 
650 # 4 |a Hình học họa hình 
653 # # |a Hình học không gian 
700 0 # |a Dương Tiến Thọ  |e tác giả 
700 0 # |a Đỗ Mạnh Môn  |e tác giả 
852 # # |b Kho đọc  |j KD.0009972 
852 # # |b Thư viện  |j KD.0009972 
852 # # |j KD.0009972 
910 0 # |a nhnam  |d 06/06/2011 
980 # # |a Trung tâm Học liệu Lê Vũ Hùng, Trường Đại học Đồng Tháp